FAO agricultural servicies bulletin; N84v Lựa chọn phương thức đầu tư cơ giới hóa nông nghiệp

保存先:
書誌詳細
第一著者: FAO
フォーマット: 図書
言語:Undetermined
出版事項: Hà Nội Nông nghiệp 1992
主題:
タグ: タグ追加
タグなし, このレコードへの初めてのタグを付けませんか!
Thư viện lưu trữ: Trung tâm Học liệu Trường Đại học Cần Thơ
LEADER 00632nam a2200193Ia 4500
001 CTU_3738
008 210402s9999 xx 000 0 und d
082 |a 630 
082 |b F218/N84v 
100 |a FAO 
245 0 |a FAO agricultural servicies bulletin; N84v 
245 0 |b Lựa chọn phương thức đầu tư cơ giới hóa nông nghiệp 
245 0 |c FAO 
260 |a Hà Nội 
260 |b Nông nghiệp 
260 |c 1992 
650 |a agricultural engineering,agriculture,mechanization 
904 |i Nguyễn Quang Điền, 960530 
980 |a Trung tâm Học liệu Trường Đại học Cần Thơ